000 00228nam a2200097Ia 4500
008 170619s9999 xx 000 0 und d
100 _aItoh- Kiyoo
245 0 _aVLSI Memory Chip Design
260 _bNew York : Springer
260 _c2001
546 _aENGLISH
999 _c20202
_d20202